| 000 | 00346nam a2200145Ia 4500 | ||
|---|---|---|---|
| 008 | 230917s9999||||xx |||||||||||||| ||und|| | ||
| 040 |
_e95647 _aMAIN |
||
| 041 | _aEnglish | ||
| 082 | _a301.04 D74S | ||
| 100 | _aDhosi, S L | ||
| 245 | 0 | _aMax Weber: Samajshastriya adhyayan | |
| 260 |
_aJaipur _bRawat _c1996 |
||
| 300 | _a158 p. | ||
| 942 | _cBK | ||
| 999 |
_c115995 _d115995 |
||